|
|
|
|
| LEADER |
01693nam a2200493 i 4500 |
| 001 |
nkc20223456735 |
| 003 |
CZ PrNK |
| 005 |
20230120120038.0 |
| 007 |
ta |
| 008 |
220923s2022 xr e f 001 0 cze |
| 015 |
|
|
|a cnb003456735
|
| 020 |
|
|
|a 978-80-908601-0-0
|q (brožováno)
|z 978-809086010-0
|
| 035 |
|
|
|a (OCoLC)1369541629
|
| 040 |
|
|
|a BOA001
|b cze
|e rda
|
| 072 |
|
7 |
|a 615.8
|x Fyzioterapie. Psychoterapie. Alternativní lékařství
|2 Konspekt
|9 14
|
| 080 |
|
|
|a 615.89:633.88
|2 MRF
|
| 080 |
|
|
|a 633.88
|2 MRF
|
| 080 |
|
|
|a 615.322
|2 MRF
|
| 080 |
|
|
|a 615.015.2
|2 MRF
|
| 080 |
|
|
|a (035)
|2 MRF
|
| 100 |
1 |
|
|a Holzäpfelová, Blanka
|7 xx0261965
|4 aut
|
| 245 |
1 |
0 |
|a Rostlinná léčba bez rizik :
|b kapesní příbalový leták k léčivkám /
|c Blanka Holzäpfelová
|
| 250 |
|
|
|a První vydání
|
| 264 |
|
1 |
|a Hajnice :
|b Dvojka,
|c 2022
|
| 300 |
|
|
|a 161 stran ;
|c 18 cm
|
| 336 |
|
|
|a text
|b txt
|2 rdacontent
|
| 337 |
|
|
|a bez média
|b n
|2 rdamedia
|
| 338 |
|
|
|a svazek
|b nc
|2 rdacarrier
|
| 504 |
|
|
|a Obsahuje bibliografii a rejstřík
|
| 650 |
0 |
7 |
|a fytoterapie
|7 ph120421
|2 czenas
|
| 650 |
0 |
7 |
|a léčivé rostliny
|7 ph115198
|2 czenas
|
| 650 |
0 |
7 |
|a rostlinné drogy
|7 ph125227
|2 czenas
|
| 650 |
0 |
7 |
|a interakce léčiv
|7 ph288756
|2 czenas
|
| 650 |
0 |
9 |
|a phytotherapy
|2 eczenas
|
| 650 |
0 |
9 |
|a medicinal plants
|2 eczenas
|
| 650 |
0 |
9 |
|a herbal drugs
|2 eczenas
|
| 650 |
0 |
9 |
|a drug interactions
|2 eczenas
|
| 655 |
|
7 |
|a příručky
|7 fd133209
|2 czenas
|
| 655 |
|
9 |
|a handbooks and manuals
|2 eczenas
|
| 910 |
2 |
|
|a BOA001
|b 1-1499.827
|
| 990 |
|
|
|a BK
|
| 995 |
|
|
|a 01
|
| 991 |
|
|
|b 202301
|c NOV
|
| 996 |
6 |
|
|b 2610925347
|c 1-1499.827
|l MZK
|r Sklad / do 1 hodiny
|n 0
|p p.v.
|w 001908960
|u 000010
|a 1
|e BOA001
|j MZK50
|s P
|